=LDR 00000nam 2200000 4500 =001 INLIS000000000061461 =005 20221018101630 =035 ##$$a 0010-1022000202 =007 ta =008 221018###########################0###### =082 ##$$a 888.221 =084 ##$$a 888.221 AGU c =100 #$$a Agus Faturrahman =245 1#$$a Cupak Gurantang /$c Agus Faturrahman =260 ##$$a Mataram :$b Musium Negri NTB,$c 2021 =300 ##$$a 104 halaman ; $c 21 cm =650 #4$$a Sastra Indonesia =990 ##$$a 07680768 =990 ##$$a 389/51/2022